[Event "Krasnodar Region-ch"]
[Site "Krasnodar"]
[Date "2014.10.09"]
[Round "7"]
[White "Zakarian, David"]
[Black "Karamanov, Dmitry"]
[Result "1-0"]
[WhiteElo "2400"]
[BlackElo "2154"]
[PlyCount "123"]
[EventDate "2014.10.03"]
[EventType "swiss"]
[EventRounds "9"]
[EventCountry "RUS"]
[SourceTitle "EXT 2015"]
[Source "ChessBase"]
[SourceDate "2014.11.20"]
[SourceVersion "1"]
[SourceVersionDate "2014.11.20"]
[SourceQuality "1"]

1. d4 Nf6 2. c4 e6 3. Nc3 Bb4 4. e3 0-0 5. Nge2 b6 6. a3 Be7 7. Ng3 Bb7 8. e4 d6 9. Be3 Nbd7 10. Be2 a6 11. 0-0 Ne8 12. f4 f5 13. exf5 exf5 14. Bf3 Bxf3 15. Qxf3 g6 16. Nd5 Nef6 17. Nb4 Qe8 18. Nc6 Qf7 19. d5 Nc5 20. Bxc5 bxc5 21. b4 Nd7 22. Rae1 Bf6 23. Re6 Rfe8 24. Rfe1 Nf8 25. Rxe8 Rxe8 26. Rxe8 Qxe8 27. Ne2 Nd7 28. Kf2 Bg7 29. h3 h5 30. g4 hxg4 31. hxg4 Nf6 32. gxf5 gxf5 33. Ng3 Ng4+ 34. Kg2 Ne3+ 35. Kh3 Kf8 36. bxc5 dxc5 37. Ne5 Bxe5 38. Qxe3 Bd6 39. Qxe8+ Kxe8 40. Ne2 Kf7 41. Kg3 Kg6 42. Nc1 Kf7 43. Nd3 Kf6 44. a4 Ke7 45. Ne5 Kf6 46. Nc6 Kf7 47. Nb8 Ke8 48. Nxa6 Kd7 49. Nb8+ Kc8 50. Nc6 Kb7 51. Ne5 Kb6 52. Nf7 Ka5 53. Nh6 Kxa4 54. Nxf5 Bf8 55. Ne3 Bh6 56. Ng4 Bg7 57. Ne5 Kb4 58. Kf3 Kc3 59. Ke4 Bh8 60. Nf7 Bg7 61. d6 cxd6 62. Nxd6 1-0

[Event "Anapa op"]
[Site "Anapa"]
[Date "2012.09.02"]
[Round "3"]
[White "Karamanov, Dmitry"]
[Black "Vinogradov, Anatoly"]
[Result "1/2-1/2"]
[WhiteElo "2198"]
[BlackElo "2045"]
[PlyCount "103"]
[EventDate "2012.08.30"]
[EventType "swiss"]
[EventRounds "9"]
[EventCountry "RUS"]
[SourceTitle "CBM 150 Extra"]
[Source "ChessBase"]
[SourceDate "2012.10.19"]
[SourceVersion "1"]
[SourceVersionDate "2012.10.19"]
[SourceQuality "1"]

1. d4 Nf6 2. c4 e6 3. Nf3 d5 4. Nc3 Nbd7 5. Bg5 h6 6. Bh4 c6 7. e3 Qa5 8. Nd2 Bb4 9. Qc2 g5 10. Bg3 Nh5 11. Be2 Nxg3 12. hxg3 Nf6 13. 0-0 Bd7 14. f4 Be7 15. a3 a6 16. b4 Qc7 17. Rac1 Rg8 18. Qb3 Qd8 19. a4 gxf4 20. gxf4 Ng4 21. Bxg4 Rxg4 22. b5 axb5 23. axb5 Ra3 24. Qd1 Rg3 25. bxc6 Bxc6 26. Rf3 Rxf3 27. Nxf3 Bb4 28. cxd5 exd5 29. Ne2 Rxe3 30. Ng3 Bd6 31. Nh5 Kf8 32. Qd2 Re4 33. f5 Qb8 34. Qxh6+ Ke7 35. Qf6+ Ke8 36. Ng5 Re7 37. Qh8+ Kd7 38. Nf6+ Kc7 39. Nxd5+ Kd7 40. Qxb8 Bxb8 41. Nxe7 Kxe7 42. g4 Kf6 43. Nh3 Ba7 44. Rd1 Bf3 45. g5+ Kxf5 46. Rd2 Kg4 47. Nf2+ Kxg5 48. d5 Bb6 49. d6 Kf6 50. Kh2 Ke6 51. Kg3 Bc6 52. Kf4 1/2-1/2

[Event "Anapa op-B"]
[Site "Anapa"]
[Date "2010.09.07"]
[Round "6"]
[White "Karamanov, Dmitry"]
[Black "Mecsherykov, Andrei"]
[Result "1-0"]
[WhiteElo "2202"]
[BlackElo "2082"]
[PlyCount "73"]
[EventDate "2010.08.31"]
[EventType "swiss"]
[EventRounds "9"]
[EventCountry "RUS"]
[SourceTitle "EXT 2013"]
[Source "ChessBase"]
[SourceDate "2012.11.22"]
[SourceVersion "1"]
[SourceVersionDate "2012.11.22"]
[SourceQuality "1"]

1. d4 Nf6 2. c4 g6 3. Nc3 Bg7 4. e4 d6 5. f3 0-0 6. Bd3 c5 7. d5 e6 8. Nge2 h6 9. Be3 exd5 10. cxd5 a6 11. a4 Nbd7 12. Qd2 Kh7 13. Ng3 Ne5 14. Be2 Bd7 15. 0-0 Rb8 16. h3 b5 17. axb5 axb5 18. f4 Nc4 19. Bxc4 bxc4 20. e5 Ne8 21. exd6 Qb6 22. Na4 Bxa4 23. Rxa4 Nxd6 24. f5 Bd4 25. Kh1 Qxb2 26. fxg6+ Kxg6 27. Ra6 Rfd8 28. Qxb2 Rxb2 29. Bf4 c3 30. Bxd6 Kg7 31. Nf5+ Kh7 32. Be7 Rdb8 33. Rxh6+ Kg8 34. Nxd4 Rb1 35. Rxb1 Rxb1+ 36. Kh2 cxd4 37. Bf6 1-0

[Event "Anapa op-B"]
[Site "Anapa"]
[Date "2010.09.06"]
[Round "5"]
[White "Golovin, Leonid"]
[Black "Karamanov, Dmitry"]
[Result "1-0"]
[WhiteElo "2468"]
[BlackElo "2202"]
[PlyCount "91"]
[EventDate "2010.08.31"]
[EventType "swiss"]
[EventRounds "9"]
[EventCountry "RUS"]
[SourceTitle "EXT 2013"]
[Source "ChessBase"]
[SourceDate "2012.11.22"]
[SourceVersion "1"]
[SourceVersionDate "2012.11.22"]
[SourceQuality "1"]

1. Nf3 Nf6 2. g3 d6 3. d3 g6 4. Bg2 Bg7 5. 0-0 e5 6. e4 0-0 7. Nc3 Nc6 8. h3 h6 9. Be3 Be6 10. Qd2 Kh7 11. d4 exd4 12. Nxd4 Ne5 13. Nxe6 fxe6 14. b3 Nfd7 15. f4 Nc6 16. Rad1 a6 17. e5 d5 18. Ne2 Nb6 19. c4 dxc4 20. Bxc6 Qxd2 21. Rxd2 bxc6 22. Bxb6 cxb6 23. bxc4 Rfd8 24. Rfd1 Rxd2 25. Rxd2 Bf8 26. Rd7+ Kg8 27. Nd4 Bc5 28. Kf1 Bxd4 29. Rxd4 g5 30. fxg5 hxg5 31. Ke2 Kf7 32. Kf3 b5 33. Kg4 a5 34. Rd7+ Kf8 35. cxb5 cxb5 36. Rb7 b4 37. Kxg5 Rc8 38. h4 Rc2 39. h5 Rxa2 40. h6 Rh2 41. h7 b3 42. Kg6 a4 43. g4 Rh3 44. g5 Rh2 45. Kf6 Ke8 46. g6 1-0

[Event "Anapa op"]
[Site "Anapa"]
[Date "2007.09.??"]
[Round "6"]
[White "Cherevko, Kiril"]
[Black "Karamanov, Dmitry"]
[Result "1/2-1/2"]
[WhiteElo "2145"]
[BlackElo "2202"]
[PlyCount "154"]
[EventDate "2007.09.??"]
[EventType "swiss"]
[EventRounds "9"]
[EventCountry "RUS"]
[SourceTitle "EXT 2009"]
[Source "ChessBase"]
[SourceDate "2008.11.26"]
[SourceVersion "1"]
[SourceVersionDate "2008.11.26"]
[SourceQuality "1"]

1. d4 g6 2. Nf3 Bg7 3. c3 Nf6 4. Bf4 d6 5. h3 0-0 6. e3 b6 7. Be2 Bb7 8. 0-0 c5 9. Nbd2 Nbd7 10. Qc2 Rc8 11. Rfd1 a6 12. a4 Re8 13. Bh2 Qc7 14. Rac1 Qc6 15. Qb3 d5 16. Ne5 Nxe5 17. Bxe5 c4 18. Qc2 b5 19. axb5 axb5 20. Bf3 Ra8 21. Ra1 Ra6 22. b3 Nd7 23. Bxg7 Kxg7 24. bxc4 bxc4 25. e4 e6 26. Rxa6 Qxa6 27. Rb1 Bc6 28. exd5 Bxd5 29. Rb4 Bxf3 30. Nxf3 Nb6 31. Nd2 Rc8 32. Kh2 Nd5 33. Ra4 Qb5 34. Ra3 Qc6 35. Qe4 Qb6 36. Qe1 Qb2 37. Ra7 Qb8+ 38. Qe5+ Qxe5+ 39. dxe5 Nxc3 40. Ra1 Ne2 41. Re1 Nf4 42. Re4 c3 43. Rxf4 cxd2 44. Rd4 Rc2 45. Kg3 g5 46. Kf3 Rc5 47. Rxd2 Rxe5 48. Rd8 h5 49. Rb8 Kf6 50. Rg8 Rc5 51. g3 Kf5 52. Rh8 g4+ 53. Kg2 Ke4 54. hxg4 hxg4 55. Ra8 f5 56. Ra4+ Ke5 57. Ra8 Rd5 58. Ra1 Rc5 59. Re1+ Kd6 60. Re2 e5 61. Ra2 Rc4 62. Ra5 Rc5 63. Ra8 Kd5 64. Rf8 Ke4 65. Rg8 Rd5 66. Rg7 Kd3 67. Rf7 e4 68. Re7 Ke2 69. Re8 Ke1 70. Kg1 Rd2 71. Ra8 e3 72. fxe3 Ke2 73. Ra5 Kf3 74. Rxf5+ Kxg3 75. Kf1 Ra2 76. Rf8 Ra1+ 77. Ke2 Ra2+ 1/2-1/2

[Event "Anapa op"]
[Site "Anapa"]
[Date "2007.09.??"]
[Round "5"]
[White "Karamanov, Dmitry"]
[Black "Birjukov, Sergey"]
[Result "0-1"]
[WhiteElo "2202"]
[BlackElo "2266"]
[PlyCount "72"]
[EventDate "2007.09.??"]
[EventType "swiss"]
[EventRounds "9"]
[EventCountry "RUS"]
[SourceTitle "EXT 2009"]
[Source "ChessBase"]
[SourceDate "2008.11.26"]
[SourceVersion "1"]
[SourceVersionDate "2008.11.26"]
[SourceQuality "1"]

1. d4 d5 2. c4 e6 3. Nc3 Be7 4. Nf3 Nf6 5. Bg5 0-0 6. e3 h6 7. Bh4 b6 8. cxd5 Nxd5 9. Bg3 Nxc3 10. bxc3 Bb7 11. Bd3 c5 12. 0-0 Nc6 13. Qe2 Rc8 14. Rfd1 cxd4 15. exd4 Na5 16. Be5 Bd5 17. Rac1 Nc4 18. Rc2 b5 19. Nd2 a6 20. Ne4 f5 21. Nd2 Na3 22. Rcc1 Bxa2 23. c4 bxc4 24. Nxc4 Bb3 25. Re1 Nxc4 26. Bxc4 Bxc4 27. Rxc4 a5 28. h3 Qd5 29. Rxc8 Rxc8 30. Qa6 Ra8 31. Qd3 a4 32. Qg3 Bf8 33. Rc1 Ra7 34. Bb8 Rb7 35. Rc8 Qd7 36. Rc1 a3 0-1

[Event "Anapa op"]
[Site "Anapa"]
[Date "2006.09.??"]
[Round "?"]
[White "Karabakhtsian, Adroniks"]
[Black "Karamanov, Dmitry"]
[Result "1/2-1/2"]
[WhiteElo "2246"]
[BlackElo "2190"]
[PlyCount "112"]
[EventDate "2006.09.??"]
[EventType "swiss"]
[EventRounds "9"]
[EventCountry "RUS"]
[SourceTitle "EXT 2010"]
[Source "ChessBase"]
[SourceDate "2010.11.25"]
[SourceVersion "1"]
[SourceVersionDate "2010.11.25"]
[SourceQuality "1"]

1. e4 c6 2. d4 d5 3. f3 g6 4. c3 Bg7 5. Bd3 Nh6 6. Ne2 f6 7. Be3 Nf7 8. Qd2 e5 9. a4 0-0 10. Qc2 Be6 11. h4 dxe4 12. fxe4 Bg4 13. Nd2 Nd7 14. Nf3 Qe7 15. Nh2 Bxe2 16. Qxe2 exd4 17. cxd4 c5 18. Nf3 cxd4 19. Bxd4 Nde5 20. Nxe5 Nxe5 21. Bc4+ Nxc4 22. Qxc4+ Kh8 23. Bc5 Qc7 24. Qc3 f5 25. Bd4 Qxc3+ 26. bxc3 Rfe8 27. 0-0-0 Bxd4 28. Rxd4 Rxe4 29. Rxe4 fxe4 30. Re1 Re8 31. Kd2 Kg7 32. Ke3 Kf6 33. Rf1+ Ke5 34. Rf7 Rc8 35. Re7+ Kf5 36. Rf7+ Kg4 37. Rxb7 Rxc3+ 38. Kd4 Rc6 39. Rxa7 Re6 40. Ke3 h5 41. Rf7 Kxh4 42. Rf2 g5 43. a5 Kg3 44. Ra2 Ra6 45. Kxe4 g4 46. Kf5 Ra8 47. a6 Kh4 48. a7 Rf8+ 49. Ke6 Re8+ 50. Kf6 Rf8+ 51. Ke6 Ra8 52. Ra3 Kg5 53. Kd7 h4 54. Kc6 h3 55. gxh3 gxh3 56. Kb7 Rxa7+ 1/2-1/2

[Event "Anapa op"]
[Site "Anapa"]
[Date "2006.09.??"]
[Round "?"]
[White "Karamanov, Dmitry"]
[Black "Kovenko, Alexander"]
[Result "1-0"]
[WhiteElo "2190"]
[BlackElo "2287"]
[PlyCount "71"]
[EventDate "2006.09.??"]
[EventType "swiss"]
[EventRounds "9"]
[EventCountry "RUS"]
[SourceTitle "EXT 2010"]
[Source "ChessBase"]
[SourceDate "2010.11.25"]
[SourceVersion "1"]
[SourceVersionDate "2010.11.25"]
[SourceQuality "1"]

1. d4 Nf6 2. c4 g6 3. Nc3 Bg7 4. e4 d6 5. f3 0-0 6. Nge2 Nc6 7. Bg5 a6 8. Qd2 b5 9. cxb5 axb5 10. Nxb5 e5 11. d5 Ne7 12. Nec3 Bd7 13. Be2 Nh5 14. Be3 f5 15. a4 Nf4 16. Bc4 Nc8 17. 0-0 Nb6 18. Bb3 g5 19. exf5 Bxf5 20. Ne4 Nd7 21. Rac1 Rb8 22. Bc2 Rf7 23. Ng3 Bxc2 24. Rxc2 Nf6 25. Bxf4 gxf4 26. Ne4 Ne8 27. Rfc1 Bf8 28. Rc6 Rd7 29. Qc3 Rb7 30. Qc4 Qa8 31. Ng5 Be7 32. Ne6 Bd8 33. b3 Qb8 34. g3 fxg3 35. hxg3 Rf7 36. Qg4+ 1-0